Statistics for Guyana Country Quiz

Click here to take the quiz!

General Stats

  • This quiz has been taken 69 times
  • The average score is 3 of 11

Answer Stats

HintAnswer% Correct
CapitalGeorgetown
98%
CurrencyDollar
63%
Highest point: Mt. ______Roraima
33%
Second largest city in GuyanaLinden
30%
Third largest cityNew Amsterdam
30%
Above is on what RiverBerbice River
28%
Above is on what riverDemerara River
23%
Above is in what mountain range ( Not Guiana Highlands)Pakaraima Mountains
13%
River forming border with SurinameCourantyne River
10%
Mountain range in far south, shared with ParaAcarai Mountains
8%
Mountains in the south known for biodiversityKanuku Mountains
8%

Score Distribution

Percentile by Number Answered

Percent of People with Each Score

Your Score History

You have not taken this quiz